00745nam a2200253 a 4500001001300000003000900013005001700022008004100039020002300080082001900103100001900122245004200141260004600183300000900229500003500238505002000273650001400293650001500307700001900322902000800341942000700349952012000356999001500476nice12345678IN_TiNIC20260116013115.0050524s1995 newa grp 000 0 eng  a0671816 c29200a956.94054bASH aAshrawi, Hanan aThis Side of Peaceb Personal Account aNew York bWashington Square Press c1995 a318p aincludes index and biblioraphy2 aGlossary, Index aPalestine aWomen-Arab1 aAshrawi, Hanan bSRS cBK 001040708StackRoom-aHMIbHMId2007-05-30g292.00l0o956.94054 ASHp017397r2007-05-30v292.00w2005-05-24yBK c9677d9677